Quizzes
Events
Quiz Creation
Community
Videos
Private Events
Remove Ads
Sign In
Join for FREE
Feedback
Dark Mode
Quiz Categories
Sports
Geography
Music
Movies
Television
Just For Fun
Miscellaneous
History
Literature
Language
Science
Gaming
Entertainment
Religion
Holiday
For Kids
Quiz Lab
Recent
Popular Today
Quiz Kudos Today
Editor Picks
Curator Picks
Quizzes by...
Day
Popularity
Type
Ratings
Length
Year
Community
Subscriptions
Recent Discussions
Orange Saloon
Badges
Playlists
Quests
Create
Leaderboards
Showdown
Live 5
Trivia Bingo
Activity
Puzzle Library
Sporcle Events
Private Events
Virtual Trivia
Globe League
Become a Host
Pub Owners
SporcleCon
Opinionation
Our Games
Videos
Blog
Mobile Apps
Partnerships
Remove Ads and Go Orange
Feedback
Music
Pop Music
The Beatles
Song
Album
Lyrics
Bands
Singers
Artist
Clip
Rock
Rap
Classical
Billboard
Country Music
Kpop
Taylor Swift
Music
Pop Music
The Beatles
Song
Album
Lyrics
Bands
Singers
Artist
Clip
Rock
Rap
Classical
Billboard
Country Music
Kpop
Taylor Swift
Random Quiz
Search Sporcle
×
Curator Pick
Curator Pick
Music
Lyrics
Type in answers that appear in a list
Type in answers that appear in a list
Classic
Best Score? Go Orange.
Run for the Roses Lyrics Stats
Can you fill in the lyrics for Dan Fogelberg's Run for the Roses Lyrics?
By
LisaSimpsonOH
8m
193 Questions
294 Plays
294 Plays
294 Plays
Comments
Comments
Give Quiz Kudos
Give Quiz Kudos
-
- Ratings
hide this ad
Replay
Link that replays current quiz
Next Quiz
Link to next quiz in quiz playlist
You Got
0%
They Got
Avg Score
68%
Avg Friend Score
Upgrade to see
Score Distribution
Jump to the score distribution portion of the page
Score
0/193
Timer
08:00
0
Plays Today
Answer
% Correct
the
94.9%
the
94.9%
the
94.9%
The
94.9%
The
94.9%
The
94.9%
the
94.9%
the
94.9%
the
94.9%
the
94.9%
the
94.9%
the
94.9%
The
94.9%
the
94.9%
the
94.9%
the
94.9%
the
94.9%
the
94.9%
a
92.8%
a
92.8%
a
92.8%
a
92.8%
a
92.8%
a
92.8%
roses
89.8%
roses
89.8%
roses
89.8%
For
89.4%
run
89.4%
for
89.4%
run
89.4%
for
89.4%
run
89.4%
for
89.4%
you
85%
you
85%
you
85%
you
85%
You
85%
you
85%
you
85%
you
85%
you
85%
you
85%
you
85%
And
83.3%
And
83.3%
And
83.3%
And
83.3%
and
83.3%
And
83.3%
and
83.3%
And
83.3%
And
83.3%
in
81.2%
In
81.2%
In
81.2%
in
81.2%
In
81.2%
in
81.2%
in
81.2%
in
81.2%
In
81.2%
in
81.2%
in
81.2%
Answer
% Correct
can
75.4%
can
75.4%
Of
74.7%
of
74.7%
of
74.7%
of
74.7%
of
74.7%
of
74.7%
of
74.7%
of
74.7%
On
74.4%
on
74.4%
your
74.1%
your
74.1%
Your
74.1%
Your
74.1%
Your
74.1%
Your
74.1%
it's
73%
As
73%
as
73%
It's
73%
it's
73%
It's
73%
It's
73%
It's
73%
it's
73%
it's
73%
it's
73%
As
73%
as
73%
It's
73%
it's
73%
It's
73%
be
72%
is
70.6%
is
70.6%
To
70.3%
so
70.3%
to
70.3%
fast
68.9%
fast
68.9%
at
64.8%
time
64.8%
time
64.8%
at
64.8%
time
64.8%
time
64.8%
With
61.8%
lifetime
61.1%
lifetime
61.1%
lifetime
61.1%
lifetime
61.1%
Kentucky
60.4%
chance
60.4%
chance
60.4%
chance
60.4%
chance
60.4%
Born
60.1%
born
60.1%
hand
57%
high
57%
high
57%
hand
57%
high
57%
Answer
% Correct
high
57%
raised
56.7%
up
56%
You'll
55.3%
That
55.3%
western
54.9%
valley
54.3%
dance
54.3%
dance
54.3%
dance
54.3%
dance
54.3%
joined
52.9%
joined
52.9%
From
52.9%
joined
52.9%
joined
52.9%
what
52.6%
delivered
52.6%
delivered
52.6%
beside
52.2%
knees
51.5%
wind
51.5%
trees
51.2%
fate
51.2%
fate
51.2%
mare
50.5%
soon
49.5%
strong
49.5%
moment's
49.5%
moment's
49.5%
wobbly
49.1%
mama
49.1%
along
49.1%
help
48.8%
strength
48.8%
a-growin'
48.1%
mane
47.8%
stud
47.8%
Oh,
47.1%
sun
47.1%
blood
46.8%
something
44%
never
43.7%
long
43.3%
red
42.3%
sire
41%
sire
41%
home
41%
withers
40.6%
unknown
40.6%
fire
38.6%
green
38.2%
lies
37.5%
ahead
37.5%
pastures
36.5%
carries
36.5%
prepare
36.2%
Could
35.8%
drives
35.2%
training
34.8%
mornings
32.4%
breeding
31.7%
lazy
30.7%
Quiz Playlist
Details
Report
Send in Message
Add To Playlist
Classic:
Type in answers that appear in a list
Last Updated: Mar 29, 2017
Curator Pick in
Lyrics
Quiz Scoreboard
CHALLENGE
Sign Up to Join the Scoreboard
Show All
Scores
Hide
Comments
May contain spoilers
Recently Published
Movies - When Are They Set?
by FPL_Elf
Movies
5m
Popular People in 1961
by mucciniale
History
6m
1-10 Letter E Words III
by El_Dandy
Language
2m
More to Explore
Quiz From the Vault
Featured Blog Post
Where Did the Easter Bunny Come From?
hide this ad
You Might Also Like...
Tags
Lyrics Quiz
Song Quiz
Figure Out the Lyrics
horse
Horse Racing
Kentucky
Kentucky Derby
Race Horses
Triple Crown
US Horse
Today's Top Quizzes in Music
Browse Music
hide this ad
Today's Top Quizzes in Lyrics
Browse Lyrics
Top Contributed Quizzes in Music
1
Taylor Swift All Songs (2024)
2
2010s Album by Cover III
3
One Thing in Common: Music
4
Taylor Swift Logic Puzzle
5
Guess the Artist- 70s Songs
6
2010s Album by Cover IV
7
Guess the Taylor Swift song (Mystery Song)
8
2010s Album by Cover V
9
Lana Del Rey Discography (BTD to DYKTTATUOB)
10
2010s Album by Cover VI
Explore More
Trending Topics
Harry Potter
Crossword
Anime
Marvel
NBA
Disney
Kpop
Soccer
The Office
WWE
Pokémon
Song
Puzzle
NFL
Country
hide this ad
More By:
LisaSimpsonOH
Quiz
Plays
Rating
Category
Featured
Created
Who Am I? Film Actors and Actresses
125,703
4.49
Movies
Oct 28, 2015
Who Am I? Television Characters
120,043
4.40
Television
Nov 4, 2015
Sports by Equipment Click
114,315
4.26
Sports
Oct 8, 2016
Quick True/False: World Capitals
103,270
4.13
Geography
Sep 2, 2016
United States in 1790 Picture Click
88,491
4.81
History
Feb 10, 2016
Go to Creator's Profile
Score Distribution
Quiz Creator Spotlight
LisaSimpsonOH
Follow
Send a Message
Quizzes Created
-
Created Quiz Play Count
-
More By This Creator
Popular Quizzes Today
1
Find the US States - No Outlines Minefield
2
Find the Countries of Europe - No Outlines Minefield
3
The Countries of the World
4
Popular People in 1961
5
1-10 Letter E Words III
6
US States
7
Find the US States
8
One Thing in Common: World Cities II
More Music Quizzes
Focus on Lyrics: Eyes #2
Quiz Lab
Trending Quizzes
Risky Map Clicking: Least Populous States A-Z
1-10 Letter F Words
1-10 Letter G Words
One Thing in Common: United Kingdom
Risky Map Clicking: Next State Alphabetically
Recently Updated
Leaping Animals
pecheneg
Reality TV Shows (A-Z)
bhenderson79
Rickey Henderson's Hall of Fame Teammates
pecheneg
Champions League XIs: Arsenal
pecheneg
Quick Pick: Celebrities in WWE's Hall of Fame
aduchscher
A-Z Keypad Blitz II
pecheneg
Multiple Oscar Actors
pecheneg
Mystery Phrase Blitz: Oscar 'Best Actors'
pecheneg
F. Scott Fitzgerald Novels
LTH
Pick 3 Villains
ddd62291
Trending Topics
Harry Potter
Anime
Marvel
Disney
NBA
Crossword
Kpop
Song
Country
WWE
Puzzle
Soccer
The Office
NFL
Pokémon
Your Account Isn't Verified!
In order to create a playlist on Sporcle, you need to verify the email address you used during registration. Go to your
Sporcle Settings
to finish the process.
Report this User
Report this user for behavior that violates our
Community Guidelines
.
Details:
Send Report
Go to the Sporcle.com Mobile Site →
Comments